000 00271nam a2200097Ia 4500
001 759838
005 20250826165137.0
008 250824s9999 xx 000 0 und d
245 0 _aELİF GİBİ SEVMEK 2 AŞK-I TEVEKKÜL
_cHİKMET ANIL ÖZTEKİN
260 _bYAKAMOZ YAYINLARI
999 _c759838
_d759838